000 01335pam a2200361 i 4500
001 017990926
003 Uk
005 20230104151916.0
008 161021t20162016enk b 001 0 eng c
020 _a9780199672202
_qhardback
035 _a(OCoLC)ocn945105347
040 _aStDuBDS
_beng
_cStDuBDS
_dUk
_erda
_dMY-SjTCS
082 0 4 _a338.88
_bOXF 2016
245 0 4 _aThe Oxford handbook of international organizations /
_cedited by Jacob Katz Cogan, Ian Hurd, Ian Johnstone.
246 3 _aInternational organizations
250 _aFirst edition.
264 1 _aOxford, United Kingdom :
_bOxford University Press,
_c2016.
264 4 _c©2016
300 _axcvii, 1244 pages ;
_c26 cm
336 _atext
_2rdacontent
337 _aunmediated
_2rdamedia
338 _avolume
_2rdacarrier
504 _aIncludes bibliographical references and index.
650 0 _aNon-governmental organizations
_9213453
650 0 _aInternational agencies
_9219259
650 0 _aInternational cooperation.
_9212830
650 0 _aInternational agencies
_xLaw and legislation
_9305663
650 0 _aNon-governmental organizations
_xLaw and legislation
_9305664
700 1 _aCogan, Jacob Katz,
_eeditor.
_9305665
700 1 _aHurd, Ian,
_eeditor.
_9305666
700 1 _aJohnstone, Ian,
_d1960-
_eeditor.
_9305667
920 _aSLAS : 333637, 333638
999 _c188890